000 00871nam a2200253 i 4500
001 110820
003 ES-MaACL
005 20260127062536.0
007 t|
008 070131s1921 sp |||| | spa d
080 _a343.544
100 1 _aLuisi, Paulina.
_974704
245 1 3 _aLa trata de blancas
_b: conferencia /
_cPaulina Luisi.
260 _aMadrid :
_bReus,
_c1921.
300 _a43 p. ;
_c18 cm.
490 1 _aPublicaciones de la Real Academia de Jurisprudencia y Legislación ;
_v44
594 _aSesión del día 7 marzo de 1921.
650 1 4 _aProstitución-
_xDerecho.
_9163416
650 4 _aProxenetismo.
_9163417
700 _aReal Academia de Jurisprudencia y Legislación de España
_9217612
830 0 _aPublicaciones de la Real Academia de Jurisprudencia y Legislación ;
_v44
_9180630
852 _aES-MaACL
_jL-5211
999 _c110820
_d110820